Responses for Show #4208 - Wednesday, December 11, 2002

Contestants

[<< previous game]

Willie Holmes, a truck loader and bartender from Chicago, Illinois

Dianne Scorese, a homemaker from Montvale, New Jersey

Lee Weber, a consultant from Atlanta, Georgia (whose 1-day cash winnings total $3,200)

[next game >>]

Jeopardy! Round responses

SOUTH OF THE EQUATOR
FRUITS & VEGETABLES
"MY" SONGS
BODY LANGUAGE
LET'S PLAY CARDS
AUNTIE UP
    $200 21
(Lee: What are the Arctic & Indian?)
(Willie: What are the Indian & Pacific?)

Atlantic & Indian

LeeDianneWillie
    $200 2
iceberg lettuce

Dianne
    $200 7
"My Heart Will Go On"

Willie
    $200 12
(Willie: What is kiss?)

neck

DianneWillie
    $200 1
to his left

Dianne
    $200 22
Auntie Em

Dianne
    $400 25
Rio de Janeiro

Lee
    $400 3
rhubarb

Willie
    $400 8
"My Bologna"

Willie
    $400 13
foot

Dianne
    $400 5
jokers

Willie
    $400 23
Uncle Tom

Willie
    $600 26
Antarctica

Lee
    $600 4
tomato

Lee
    $600 9
"Losing My Religion"

Triple Stumper
    $600 14
ear

Willie
    $600 18
royal flush

Willie
    $600 24
Tina Turner

Lee
    $800 27
Cook Islands

Lee
    $800 6
(Willie: What is a melon?)

mandarin orange

Willie
Triple Stumper
    $800 10
"My Favorite Mistake"

Triple Stumper
    $800 15
(Lee: What is a vein?)

arm

LeeWillie
    $800 19
tarot cards

Lee
    $800 29
Auntie Mame

Dianne
    $1000 28
Great Sandy or Great Victoria

Triple Stumper
    $1000 17
leek

Dianne
    $1000 11
"The Best of My Love"

Willie
    $200 16
hip

Willie
    $1000 20
(Lee: What is 104?)

48

Lee
Triple Stumper
    $1000 30
Aunt Polly

Dianne

Scores at the first commercial break (after clue 16):

Lee Dianne Willie
-$200 $1,000 $3,000

Scores at the end of the Jeopardy! Round:

Lee Dianne Willie
$1,800 $4,200 $3,800

Double Jeopardy! Round responses

NEBUCHADNEZZAR
"CHRISTMAS" MOVIES
WILDLIFE
PARIS MUSEUMS
PEN NAMES
(Alex: And finally, we hope you'll have fun with this...)
PUNS
    $400 26
Egypt

Dianne
    $400 12
National Lampoon's Christmas Vacation

Lee
    $400 1
giraffe

Lee
    $400 20
The Louvre

Willie
    $400 4
(Lee: Who is P.T. Barnum?)

W.C. Fields

LeeWillie
    $400 9
the halibut

Willie
    $800 27
Lawrence

Lee
    $800 17
White Christmas

Willie
    $800 2
tarantula

Willie
    $800 22
(Willie: What is cognac?)

wine

Willie
Triple Stumper
    $800 5
Michael Crichton

Willie
    $800 10
the carpet

Willie
    $1200 28
Jerusalem

Dianne
    $1200 18
A Very Brady Christmas

Willie
    $1200 3
bee

Dianne
    $1200 23
Notre Dame

Dianne
    $1,200 6
(Willie: Who is A.A. Milne?)

Dr. Seuss

Willie
    $1200 11
damned

Triple Stumper
    $1600 29
Shadrach, Meshach & Abednego

Dianne
    $1600 19
"A Muppet Christmas Carol"

Dianne
    $1600 13
scorpion

Willie
    $1600 24
Pompidou Centre

Triple Stumper
    $1600 7
Harlan Ellison

Willie
    $1600 15
(Alex: You're good on puns!)

two tents

Willie
    $1,000 30
(Dianne: I can't remember.)

Belshazzar

Dianne
    $2000 21
(Lee: What is "Ernest Christmas?")

Ernest Saves Christmas

LeeWillie
    $2000 14
(Lee: What is an urchin?)
(Willie: What is a rock lobster?)

stonefish

LeeWillie
Triple Stumper
    $2000 25
(Alex: And less than a minute to go, Dianne, to deal with "Nebuchadnezzar".)

Musee d'Orsay

Triple Stumper
    $2000 8
Evan Hunter

Willie
    $2000 16
the son

Triple Stumper

Scores at the end of the Double Jeopardy! Round:

Lee Dianne Willie
-$1,000 $10,400 $14,200

[wagering suggestions for these scores]

Final Jeopardy! Round responses

NATIONAL FLAGS
(Alex: As we added states & added stars.)
DianneWhat is Canada?
$0
WillieWhat is The USA?
$7,800
United States of America

Final scores:

Lee Dianne Willie
-$1,000 $10,400 $22,000
3rd place: $1,000 2nd place: $2,000 New champion: $22,000

Game dynamics:

Coryat scores:

Lee Dianne Willie
-$1,000 $11,400 $16,200
9 R,
6 W
15 R,
1 W
(including 1 DD)
23 R
(including 1 DD),
6 W
(including 1 DD)

Combined Coryat: $26,600

[game clues] [game scores] [suggest correction]

Game tape date: 2002-09-17
The J! Archive is created by fans, for fans. Scraping, republication, monetization, and malicious use prohibited; this site may use cookies and collect identifying information. See terms. The Jeopardy! game show and all elements thereof, including but not limited to copyright and trademark thereto, are the property of Jeopardy Productions, Inc. and are protected under law. This website is not affiliated with, sponsored by, or operated by Jeopardy Productions, Inc. Join the discussion at JBoard.tv.